Normal view
MARC view
- LOU,BO
Entry Personal Name
001 - CONTROL NUMBER
- control field: 130733
003 - CONTROL NUMBER IDENTIFIER
- control field: NUST
005 - DATE AND TIME OF LATEST TRANSACTION
- control field: 20250926115454.0
008 - FIXED-LENGTH DATA ELEMENTS
- fixed length control field: 250926|| aca||aabn | a|a d
040 ## - CATALOGING SOURCE
- Original cataloging agency: NUST
- Transcribing agency: NUST
100 ## - HEADING--PERSONAL NAME
- Personal name: LOU,BO
670 ## - SOURCE DATA FOUND
- Source citation: Work cat.: (NUST): LOU,BO., COLLEGE PHYSICS /, 2003.
